Catálogo público

Entrevista a una mujer comunista : (Record no. 109133)

MARC details
000 -CABECERA
campo de control de longitud fija 00841nam a2200289 a 4500
001 - NÚMERO DE CONTROL
campo de control 000112672
003 - IDENTIFICADOR DEL NÚMERO DE CONTROL
campo de control CHAP
005 - FECHA Y HORA DE LA ÚLTIMA TRANSACCIÓN
campo de control 20220329144317.0
008 - DATOS DE LONGITUD FIJA--INFORMACIÓN GENERAL
campo de control de longitud fija 160909s2008 mx a |r| |||||||spa d
010 ## - NÚMERO DE CONTROL DE LA BIBLIOTECA DEL CONGRESO
Número de control de LC 109133
011 ## - ENLACE DEL NUMERO DE CONTROL DE LA BIBLIOTECA DEL CONGRESO [OBSOLETO]
Número de control de LC 110105
020 ## - NÚMERO INTERNACIONAL ESTÁNDAR DEL LIBRO
Número Internacional Estándar del Libro 9789680204632
040 ## - FUENTE DE LA CATALOGACIÓN
Centro/agencia transcriptor CHAP
090 ## - LOCALMENTE ASIGNADO TIPO-LC NÚMERO DE CLASIFICACIÓN (OCLC); NÚMERO DE CLASIFICACIÓN LOCAL (RLIN)
Número de clasificación (OCLC) (R) ; Numero de clasificación, CALL (RLIN) (NR) Folleto 12835
Número cutter local (OCLC) ; Número de libro/Signatura topográfica íntegra, CALL (RLIN) (2008)
100 00 - ENTRADA PRINCIPAL--NOMBRE DE PERSONA
Nombre de persona González Bustos, Marcelo.
9 (RLIN) 48736
245 10 - MENCIÓN DE TÍTULO
Título Entrevista a una mujer comunista :
Resto del título Benita Galeana Lacunza /
Mención de responsabilidad, etc. por Marcelo González Bustos.
260 ## - PUBLICACIÓN, DISTRIBUCIÓN, ETC.
Lugar de publicación, distribución, etc. Chapingo, Méx :
Nombre del editor, distribuidor, etc. UACH.,
Fecha de publicación, distribución, etc. 2008.
300 ## - DESCRIPCIÓN FÍSICA
Extensión 57 p. :
Otras características físicas il.
590 ## - NOTA LOCAL (RLIN)
Nota local E11695DGD
Procedencia (VM) [OBSOLETO] 10
Condición del los carretes individuales (VM) [OBSOLETO] 20161013
-- UCH01
-- 1353
590 ## - NOTA LOCAL (RLIN)
Nota local E5765TAJ
Procedencia (VM) [OBSOLETO] 05
Condición del los carretes individuales (VM) [OBSOLETO] 20160909
-- UCH01
-- 1217
650 14 - PUNTO DE ACCESO ADICIONAL DE MATERIA--TÉRMINO DE MATERIA
Término de materia o nombre geográfico como elemento de entrada Comunismo
Subdivisión geográfica México.
9 (RLIN) 26265
650 14 - PUNTO DE ACCESO ADICIONAL DE MATERIA--TÉRMINO DE MATERIA
Término de materia o nombre geográfico como elemento de entrada Entrevistas.
9 (RLIN) 37164
650 14 - PUNTO DE ACCESO ADICIONAL DE MATERIA--TÉRMINO DE MATERIA
Término de materia o nombre geográfico como elemento de entrada Mujer
Subdivisión general Actividad política.
9 (RLIN) 79313
901 ## - ELEMENTOS DE DATOS A LOCAL LDA (RLIN)
a BK
942 ## - ELEMENTOS DE PUNTO DE ACCESO ADICIONAL (KOHA)
Tipo de ítem Koha Folleto
942 ## - ELEMENTOS DE PUNTO DE ACCESO ADICIONAL (KOHA)
Suprimir en OPAC 0
Holdings
Estado de retiro Estado de pérdida Estado dañado Restricciones de uso No para préstamo Código de colección Localización permanente Ubicación/localización actual Fecha de adquisición Información codificada de la localización en otra ubicación Total de préstamos Signatura topográfica completa Código de barras Fecha visto por última vez Precio válido a partir de Tipo de ítem Koha Nota pública Número de copia
      Préstamo interno2   Folletos Centro Regional San Luis Acatlán Centro Regional San Luis Acatlán 09/09/2016 FOLL   Folleto 12835 (2008) 02000000532 31/12/2019 31/12/2019 Folleto Recien adquirido  
      Préstamo interno   Folletos Centro Regional San Luis Acatlán Centro Regional San Luis Acatlán 09/09/2016 FOLL   Folleto 12835 (2008) 02000000533 31/12/2019 31/12/2019 Folleto Recien adquirido c.2